000 01745nam0a22002891 4500
001 v19\rc\1881189
005 20260408064600.0
035 _a(NLR Aleph) 005260338
090 _a5895232
_c5895232
100 _a20080221d1910 |||y0rusy50 ca
101 0 _arus
102 _aRU
105 _ay z |||||
200 1 _aОсновы земской организации по содействию кустарной промышленности
_eдоклад Съезду деятелей по кустарной промышленности делегатов Пермского губернского земства
210 _aПермь
_cтипография Губернского земства
_d[1910]
215 _a88 с.
_d25
327 0 _aВ кн. также: "Резолюции, утвержденные общими собраниями членов Съезда 27-го и 28-го февраля". - С. 46-88
464 0 _12001#$aРезолюции, утвержденные общими собраниями членов Съезда 27-го и 28-го февраля
_1215##$aС. 46-88
_tРезолюции, утвержденные общими собраниями членов Съезда 27-го и 28-го февраля
710 0 2 _aПермская губернская земская управа
_3RU\NLR\AUTH\889995495
_9487949
712 1 2 _aВсероссийский съезд деятелей по кустарной промышленности
_d2
_f1910
_eПетербург
_3RU\NLR\AUTH\8810210085
_9307343
801 0 _aRU
_bNLR
_gpsbo
801 0 _aRU
_bRuMoRGB
_2psbo
801 1 _aRU
_bProSoft-M
_2rusmarc
801 2 _aRU
_bNLR
_c20080611
_2rusmarc
852 _aNLR
_bЗем
_j29/151 (2)
942 _cBOOK
980 _aNB